Economías campesinas, sector agropecuario y crisis: alternativas desde los movimientos sociales /

La crisis de la década de los 80 ha provocado una reorganización social, nuevos actores sociales han resurgido, mientras que la clase obrera se ha debilitado, los movimientos campesinos nacionales han perdido importancia surgiendo nuevos movimientos sociales de tipo local, regional, étnico, de géner...

Volledige beschrijving

Bewaard in:
Bibliografische gegevens
Hoofdauteur: Chiriboga, Manuel
Coauteur: Seminario Internacional: La Agricultura Latinoamericana: crisis, transformaciones y perspectivas
Formaat: Conferentie akten
Taal:Spanish
Gepubliceerd in: Punta de Tralca, Chile: GIA. CLACSO, 1988
Onderwerpen:
Tags: Voeg label toe
Geen labels, Wees de eerste die dit record labelt!

MARC

LEADER 00000 a a2200000 04500
001 1903
003 cru IIS
005 20220124131215.0
008 220124b |||||||| |||| 00| 0 spa d
040 |c cru IIS 
090 |a 10409.00 
100 |a Chiriboga, Manuel  
245 1 |a Economías campesinas, sector agropecuario y crisis: alternativas desde los movimientos sociales /  |c Manuel Chiriboga 
260 |a Punta de Tralca, Chile:   |b GIA. CLACSO,  |c 1988 
300 |a 35 páginas 
520 |a La crisis de la década de los 80 ha provocado una reorganización social, nuevos actores sociales han resurgido, mientras que la clase obrera se ha debilitado, los movimientos campesinos nacionales han perdido importancia surgiendo nuevos movimientos sociales de tipo local, regional, étnico, de género, etc., careciendo de comportamiento totalizador. El involucramiento de nuevos actores sociales supone una nueva política, lo importante es fortalecer mecanismos de participación política para estos nuevos movimientos y con ello reforzar la voluntad del cambio. MR/JM  
650 |a ESTRUCTURA AGRARIA  
650 |a MOVIMIENTOS CAMPESINOS  
650 |a RECESION ECONOMICA  
711 2 |9 9492  |a Seminario Internacional: La Agricultura Latinoamericana: crisis, transformaciones y perspectivas.  |c Punta de Tralca, Chile,  |d 1988 septiembre 1-4 
942 |2 ddc  |c LI 
999 |c 1750  |d 1750